Osobnosť manažéra bakalárska práca

Saved in:
Bibliographic Details
Main Author: Andrejčák, Martin
Corporate Author: Fakulta podnikového manažmentu EU. Katedra manažmentu
Other Authors: Szarková, Miroslava, 1951-
Format: Book
Language:Slovak
Published: Bratislava 2010
Tags: Add Tag
No Tags, Be the first to tag this record!

MARC

LEADER 00000nbm a2200000 4500
001 0133451
005 20161109111527.8
041 0 |a slo 
044 |a SK 
245 1 0 |a Osobnosť manažéra  |b bakalárska práca  |c Martin Andrejčák ; školiteľ: Miroslava Szarková 
264 1 |a Bratislava  |c 2010 
300 |a 52 s. 
100 1 |a Andrejčák, Martin 
700 1 |a Szarková, Miroslava, 1951- 
710 2 |a Fakulta podnikového manažmentu EU. Katedra manažmentu